000 00573nam a2200181Ia 4500
008 090124s9999 xx 000 0 und d
082 _b31025
100 _aकाशीकर एस. एम.
245 _a मोरपंखी कावळा
250 _a1
260 _bश्रद्धा प्रकाशन
_c1992
300 _a164
600 _aकाशीकर एस. एम.
630 _a मोरपंखी कावळा
700 _aकाशीकर एस. एम.
730 _a मोरपंखी कावळा
942 _cBOOK
999 _c97114
_d97114